000 00618nam a2200181Ia 4500
008 151018s9999 xx 000 0 und d
082 _bRBASDV56772
_a133.5
100 _aमधुसूदन घाणेकर
245 _aशनीचे परिणाम
250 _b1
260 _bजगतराम एंड कंपनी दिल्ली
_c2010
300 _a32
600 _aमधुसूदन घाणेकर
630 _aशनीचे परिणाम
700 _aमधुसूदन घाणेकर
730 _aशनीचे परिणाम
942 _cBOOK
999 _c1052233
_d1052230